[Event "Challenge"]
[Site "http://www.queenalice.com/game.php?id=1238404"]
[Date "2013.12.7"]
[Round "-"]
[White "poiman"]
[Black "Dariob52"]
[Result "1-0"]
[WhiteElo "1787"]
[BlackElo "1500"]

1. d4 c5 2. Nf3 cxd4 3. Nxd4 e6 4. e4 a6 5. e5 Qc7 6. f4 b5 7. Bd2 Bb7 8. c3 Nc6
9. Be3 d6 10. Nf3 dxe5 11. Qc1 exf4 12. Bf2 Nf6 13. Bh4 Be7 14. a4 b4 15. Bd3
Ne5 16. Be2 Nxf3+ 17. gxf3 Qe5 18. Kf1 1-0

[Event "Let's Play Chess!"]
[Site "http://www.queenalice.com/game.php?id=1238523"]
[Date "2013.12.8"]
[Round "-"]
[White "poiman"]
[Black "charles31"]
[Result "0-1"]
[WhiteElo "1893"]
[BlackElo "1795"]

1. d4 d5 2. Nf3 Nc6 3. Bf4 Nf6 4. e3 Bg4 5. c4 e6 6. c5 h6 7. h3 Bf5 8. g4 Bh7
9. Bb5 Ne4 10. Qa4 f6 11. Bxc6+ bxc6 12. Qxc6+ Kf7 13. Qxc7+ Qxc7 14. Bxc7 Be7
15. Nbd2 Nxd2 16. Kxd2 Rhc8 17. Bg3 a5 18. h4 Be4 19. Ke2 Ra7 20. Nd2 Bxh1 21.
Rxh1 Rb7 22. b3 g6 23. Nf3 a4 24. Rc1 g5 25. h5 axb3 26. axb3 Rxb3 27. c6 Ba3
28. Rc2 Ke7 29. c7 Kd7 30. Kf1 Bd6 31. Nd2 Ra3 32. Bxd6 Kxd6 33. e4 Rxc7 34. Rb2
Rc1+ 35. Kg2 Rc6 36. exd5 Kxd5 37. Nb3 Rc3 38. Nd2 Rd3 39. Rb5+ Kxd4 40. Rb4+
Kc3 41. Rb6 Rxd2 42. Rxe6 Ra4 0-1

[Event "Let's Play Chess!"]
[Site "http://www.queenalice.com/game.php?id=1238524"]
[Date "2013.12.8"]
[Round "-"]
[White "charles31"]
[Black "poiman"]
[Result "0-1"]
[WhiteElo "1674"]
[BlackElo "1500"]

1. Nf3 d5 2. d4 Nf6 3. e3 Bg4 4. Be2 Bxf3 5. Bxf3 c6 6. Nc3 e6 7. a3 Bd6 8. Qe2
O-O 9. h3 c5 10. dxc5 Bxc5 11. g4 h6 12. Bd2 Nc6 13. h4 d4 14. exd4 Nxd4 15. Qd3
Qb6 16. Na4 Nxc2+ 17. Qxc2 Bxf2+ 18. Kf1 Qd4 19. Rd1 Qe5 20. Kxf2 Rac8 21. Qb3
Rfd8 22. Bc3 Ne4+ 23. Bxe4 Qxe4 24. Rxd8+ Rxd8 25. Rg1 Qf4+ 26. Ke1 e5 27. Bb4
e4 28. Nc5 Re8 29. Qg3 Qc1+ 30. Ke2 Qxb2+ 31. Bd2 e3 0-1

[Event "Let's Play Chess!"]
[Site "http://www.queenalice.com/game.php?id=1238525"]
[Date "2013.12.8"]
[Round "-"]
[White "poiman"]
[Black "charles31"]
[Result "1-0"]
[WhiteElo "1825"]
[BlackElo "1699"]

1. d4 d5 2. Nf3 Nc6 3. Bf4 Nf6 4. e3 Bg4 5. c4 dxc4 6. Bxc4 e6 7. Qa4 Bb4+ 8.
Ke2 Ne4 9. h3 Bxf3+ 10. gxf3 Nf6 11. Bb5 O-O 12. Bxc6 bxc6 13. Qxb4 Rb8 14. Qa3
Nd5 15. Nc3 Nxf4+ 16. exf4 Qxd4 17. Rhd1 Qxf4 18. b3 Qe5+ 19. Kd2 Rbd8+ 20. Kc2
Rxd1 21. Rxd1 a5 22. Qa4 Qc5 23. Qd4 Qf5+ 24. Qe4 Qxh3 25. Qxc6 Qf5+ 26. Kb2 Qe5
27. Qd7 c5 28. Qb5 Rb8 29. Qxa5 g6 30. Rd8+ Rxd8 31. Qxd8+ Kg7 32. a4 Qf5 33. a5
Qxf3 34. a6 Qxf2+ 35. Ka3 Qc2 36. Na4 Qc1+ 37. Ka2 Qc2+ 38. Nb2 Qe2 39. Qd3 Qe5
40. a7 1-0

[Event "Challenge"]
[Site "http://www.queenalice.com/game.php?id=1250388"]
[Date "2014.1.22"]
[Round "-"]
[White "poiman"]
[Black "Vladimir"]
[Result "0-1"]
[WhiteElo "1801"]
[BlackElo "1868"]

1. d4 d5 2. Nf3 Nf6 3. Bf4 Bg4 4. h3 Bxf3 5. exf3 a6 6. c4 dxc4 7. Qa4+ b5 8.
Qa5 e5 9. Bxe5 Nc6 10. Qxc7 Qxc7 11. Bxc7 Nxd4 12. Kd2 Bb4+ 13. Kd1 O-O 14. a3
Bc5 15. Be5 Rad8 16. Ra2 Nxf3+ 17. Kc2 Nxe5 18. f3 Nd5 19. b4 cxb3+ 20. Kxb3 Ne3
21. a4 bxa4+ 22. Rxa4 Rb8+ 23. Ka2 Nc2 24. f4 Nc6 25. Rc4 N2b4+ 26. Ka1 Bd4+ 27.
Nc3 Rb6 28. g3 Nc2+ 29. Ka2 Bxc3 30. Rxc3 N2b4+ 31. Ka3 Re8 32. Bg2 Nd4 33. Rc7
a5 34. Bd5 Nxd5 35. Rc5 Re3+ 36. Ka4 Rb4+ 37. Kxa5 Ra3# 0-1

[Event "AUTO-OPEN-3174"]
[Site "http://www.queenalice.com/game.php?id=1251349"]
[Date "2014.1.26"]
[Round "1"]
[White "vult0"]
[Black "poiman"]
[Result "1-0"]
[WhiteElo "2248"]
[BlackElo "1801"]

1. d4 Nf6 2. c4 e6 3. Nc3 c5 4. e3 d5 5. cxd5 exd5 6. Nf3 Bg4 7. Qa4+ Bd7 8. Bb5
a6 9. Bxd7+ Qxd7 10. Ne5 Qxa4 11. Nxa4 c4 12. Nb6 Ra7 13. O-O Nbd7 14. Nexd7
Nxd7 15. Nxd5 b5 16. a4 bxa4 17. Rxa4 a5 18. Bd2 Rb7 19. Bxa5 Bd6 20. Rxc4 O-O
21. Rc6 Bb8 22. b4 f5 23. Rfc1 Ba7 24. Rc7 Rxc7 25. Rxc7 Nf6 26. Ne7+ Kh8 27.
Rxa7 Ne4 28. b5 1-0

[Event "AUTO-OPEN-3174"]
[Site "http://www.queenalice.com/game.php?id=1251350"]
[Date "2014.1.26"]
[Round "1"]
[White "poiman"]
[Black "vult0"]
[Result "0-1"]
[WhiteElo "1801"]
[BlackElo "2256"]

1. d4 d5 2. Nf3 Nf6 3. Bf4 e6 4. e3 c5 5. Bb5+ Nc6 6. Ne5 Bd7 7. Bxc6 Bxc6 8.
Nxc6 bxc6 9. c3 Be7 10. Nd2 O-O 11. Qc2 cxd4 12. cxd4 Rc8 0-1

[Event "AUTO-OPEN-3174"]
[Site "http://www.queenalice.com/game.php?id=1251381"]
[Date "2014.1.26"]
[Round "1"]
[White "poiman"]
[Black "Pater"]
[Result "0-1"]
[WhiteElo "1801"]
[BlackElo "2397"]

1. d4 Nf6 2. Nf3 e6 3. Bf4 c5 4. e3 Qb6 5. b3 cxd4 6. Nxd4 e5 7. Bxe5 Qa5+ 8.
Ke2 Qxe5 9. g3 Nc6 10. Bg2 Bc5 11. Nxc6 dxc6 12. Nd2 O-O 13. Nf3 Qe7 14. Qc1 Bg4
15. h3 Bxf3+ 16. Bxf3 Rad8 17. Rd1 Rxd1 18. Qxd1 Rd8 19. Qe1 Bb4 20. c3 Qd6 21.
Kf1 Qd3+ 22. Kg2 Bxc3 23. Qd1 Bxa1 24. Qxa1 Qc2 0-1

[Event "AUTO-OPEN-3174"]
[Site "http://www.queenalice.com/game.php?id=1251382"]
[Date "2014.1.26"]
[Round "1"]
[White "Pater"]
[Black "poiman"]
[Result "1-0"]
[WhiteElo "2398"]
[BlackElo "1801"]

1. c4 Nf6 2. d4 e6 3. a3 c5 4. d5 exd5 5. cxd5 b6 6. Nf3 Bb7 7. Nc3 Bd6 8. e4
Bc7 9. d6 Nxe4 10. dxc7 Qxc7 11. Nxe4 Bxe4 12. Bd3 Bxf3 13. Qxf3 Nc6 14. Bf4 Qc8
15. O-O O-O 16. Bd6 Re8 17. Bc4 Rf8 18. Bxf8 Qxf8 19. Bd5 Re8 20. Bxc6 dxc6 21.
Qxc6 Re6 22. Qa4 Qa8 23. Rfe1 g6 24. Rxe6 fxe6 25. Qd7 1-0

[Event "Challenge"]
[Site "http://www.queenalice.com/game.php?id=1256914"]
[Date "2014.2.15"]
[Round "-"]
[White "odone"]
[Black "poiman"]
[Result "1-0"]
[WhiteElo "1855"]
[BlackElo "1728"]

1. d4 Nf6 2. c4 e6 3. Bg5 h6 4. Bxf6 Qxf6 5. Nf3 b6 6. e4 Bb7 7. Bd3 c5 8. O-O
cxd4 9. a3 d5 10. Nbd2 dxe4 11. Bxe4 Bxe4 12. Nxe4 Qg6 13. Re1 Nc6 14. Nxd4 Nxd4
15. Qxd4 Bc5 16. Qd2 O-O 17. Nxc5 bxc5 18. b4 Rfd8 19. Qc3 Rd3 20. Qc2 1-0

[Event "AUTO-ADV-3101"]
[Site "http://www.queenalice.com/game.php?id=1264883"]
[Date "2014.3.14"]
[Round "1"]
[White "carver"]
[Black "poiman"]
[Result "1-0"]
[WhiteElo "2051"]
[BlackElo "1693"]

1. d4 Nf6 2. c4 e6 3. Nc3 c5 4. Bg5 h6 5. Bf4 d5 6. cxd5 Nxd5 7. Bg3 Qa5 8. Qa4+
Qxa4 9. Nxa4 b6 10. dxc5 bxc5 11. e3 c4 12. Bxc4 1-0

[Event "AUTO-ADV-3101"]
[Site "http://www.queenalice.com/game.php?id=1264884"]
[Date "2014.3.14"]
[Round "1"]
[White "poiman"]
[Black "carver"]
[Result "0-1"]
[WhiteElo "1695"]
[BlackElo "2049"]

1. d4 d5 2. Nf3 c5 3. Bf4 Nc6 4. e3 Bg4 5. h3 Bxf3 6. gxf3 cxd4 7. exd4 e6 8.
Bb5 Bd6 9. Be5 Nf6 10. c4 a6 11. Bxc6+ bxc6 0-1

[Event "AUTO-ADV-3101"]
[Site "http://www.queenalice.com/game.php?id=1264901"]
[Date "2014.3.14"]
[Round "1"]
[White "poiman"]
[Black "C5"]
[Result "0-1"]
[WhiteElo "1682"]
[BlackElo "1917"]

1. d4 d5 2. Nf3 Nc6 3. Bf4 h6 4. e3 e6 5. Bb5 Bd6 6. Bxd6 cxd6 7. Bxc6+ bxc6 8.
O-O Nf6 9. Nbd2 O-O 10. Re1 a5 11. e4 dxe4 0-1

[Event "AUTO-ADV-3101"]
[Site "http://www.queenalice.com/game.php?id=1264902"]
[Date "2014.3.14"]
[Round "1"]
[White "C5"]
[Black "poiman"]
[Result "1-0"]
[WhiteElo "1910"]
[BlackElo "1691"]

1. e4 c5 2. Bc4 Nc6 3. c3 e6 4. Nf3 d5 5. exd5 exd5 6. Bb5 a6 7. Bxc6+ bxc6 8.
O-O Bd6 9. d3 Nf6 10. h3 Qc7 11. Be3 1-0

[Event "AUTO-OPEN-3211"]
[Site "http://www.queenalice.com/game.php?id=1264978"]
[Date "2014.3.14"]
[Round "1"]
[White "acam"]
[Black "poiman"]
[Result "1-0"]
[WhiteElo "2298"]
[BlackElo "1674"]

1. e4 c5 2. Nf3 Nc6 3. Bb5 a6 4. Bxc6 dxc6 5. O-O Bg4 6. h3 Bh5 7. d3 e6 8. Nbd2
Qc7 9. g3 O-O-O 10. Nc4 b5 11. Bf4 Qb7 12. Na5 Qb6 13. Bd2 1-0

[Event "AUTO-OPEN-3211"]
[Site "http://www.queenalice.com/game.php?id=1264979"]
[Date "2014.3.14"]
[Round "1"]
[White "poiman"]
[Black "acam"]
[Result "0-1"]
[WhiteElo "1674"]
[BlackElo "2297"]

1. d4 e6 2. Nf3 Nf6 3. Bf4 d5 4. e3 Be7 5. c4 Nc6 6. Bd3 Nh5 7. Ne5 Nxf4 8. exf4
dxc4 9. Bxc4 Qxd4 10. O-O Qxf4 11. Re1 Nxe5 0-1